000 00476nam a2200121 a 4500
008 120416s1971 xx |||||||||||||| || u
050 _aTS 176 Bal
100 _aBalakshin, Boris
245 1 0 _aFundamentals of manufacturing engineering
_ctranslated from the Russian by Nicholas Weinstein
260 _c1971
350 _a0.00
995 _D0.00
_FCBU-MAIN LIBRARY (Kitwe)
_H1
_I1.50
_UAVAILABLE
_ZAnnex Low-Usage Collection
999 _c44174
_d44174